000 00810cam a2200253 a 4500
001 000004421
005 20200929151435.0
008 750807s1981 ag 000 f spa
020 _a9501508692
040 _aDO-SdBNP
_cDLC
_dDLC
041 1 7 _aspa
_heng
_2Código de idioma MARC
082 _a823.914
_bJ27t
100 1 _aJames, P. D.
_d1920-
_912989
245 1 3 _aLa torre negra /
_cP. D. James ; traducción, Dolores Sierra.
260 _aBuenos Aires :
_bJavier Vergara,
_c1981.
300 _a325 p. ;
_c19 cm.
440 0 _aNarrativa Pocker.
_912990
534 _aTítulo original: The black tower.
650 4 _aNovela inglesa
_91071
650 4 _aLiteratura inglesa
_9498
700 1 _aSierra, Dolores,
_etr.
_912991
700 1 _aVergara, Javier,
_eed.
_912864
910 _aCatalogación por copia / LC
999 _c4230
_d4230